Inflation, unemployment, and monetary policy <the> Alvin Hansen symposium on public policy Harvard University
Salvato in:
| Autore principale: | |
|---|---|
| Altri autori: | |
| Natura: | Libro |
| Lingua: | inglese |
| Pubblicazione: |
Cambridge
MIT Press
1999
|
| Soggetti: | |
| Tags: |
Nessun Tag, puoi essere il primo ad aggiungerne!!
|
MARC
| LEADER | 00000nam a2200000 4500 | ||
|---|---|---|---|
| 001 | c116042 | ||
| 005 | 20221108121723.9 | ||
| 020 | |a 0-262-19397-3 | ||
| 041 | 0 | |a eng | |
| 044 | |a US | ||
| 245 | 1 | 0 | |a Inflation, unemployment, and monetary policy |b <the> Alvin Hansen symposium on public policy Harvard University |c Robert M. Solow and John B. Taylor |
| 264 | 1 | |a Cambridge |b MIT Press |c 1999 | |
| 300 | |a 120 s. | ||
| 610 | 2 | 0 | |a nezamestnanosť |
| 610 | 2 | 0 | |a inflácia |
| 610 | 2 | 0 | |a politika menová |
| 610 | 2 | 0 | |a politika peňažná |
| 100 | 1 | |a Solow, Robert M. | |
| 700 | 1 | |a Taylor, John B. | |